| 000 | 01292nam a22003617a 4500 | ||
|---|---|---|---|
| 003 | CHAP | ||
| 005 | 20220329135157.0 | ||
| 008 | 971013s1978 r 00010 d | ||
| 010 | _a32187 | ||
| 011 | _a33159 | ||
| 035 | _a37274 | ||
| 040 | _cCHAP | ||
| 090 | _aTesis | ||
| 100 | 0 | 0 |
_aLópez Herrera, Agustín de Jesús. _967981 |
| 245 | _aSelección y evaluación de genotipos de maíz en condiciones limitantes para aumentar la producción y el rango de adaptación | ||
| 260 |
_aChapingo, Méx. : _bEl autor, _c1978 |
||
| 300 |
_a115 h. _b: gráfs. |
||
| 502 | _aTesis (M.C. Esp. en Genética) -- ENA. Colegio de Postraduados. Rama de Genética. | ||
| 590 |
_aALEPH _b10 _c20130110 _lUCH01 _h1255 |
||
| 590 |
_aBATCH-UPD _b10 _c20130110 _lUCH01 _h1719 |
||
| 590 |
_aBATCH-UPD _b10 _c20130410 _lUCH01 _h1103 |
||
| 590 |
_aBATCH-UPD _b10 _c20130914 _lUCH01 _h1733 |
||
| 590 |
_aCONVERSION _b10 _c20130109 _lUCH01 _h1318 |
||
| 650 | 1 | 4 |
_aMaíz _xEfecto del medio ambiente. _970935 |
| 650 | 1 | 4 |
_aMaíz _xGenética. _970963 |
| 650 | 1 | 4 |
_aMaíz _xRendimiento. _971051 |
| 650 | 1 | 4 |
_aMaíz _xSelección masal. _971058 |
| 901 | _aBK | ||
| 942 | _cFOLL | ||
| 949 |
_bBC _cTES _d-85388 _eTS1 _i37274 _si |
||
| 949 |
_bBC _cTES _d-85389 _eTS2 _fc.2 _i37274 _si |
||
| 949 |
_bBC _cTES _d-85390 _eTS2 _fc.3 _i37274 _si |
||
| 999 |
_c32187 _d32187 |
||